000 00453nam a2200169Ia 4500
003 GCL
008 140319s9999 xx 000 0 ara d
040 _aGCL /
_cGCL
082 0 4 _a870.03
_bا ف
100 1 _aامادو، جورج
245 1 0 _aفارس الامل (رواية) /
_cامادو، جورج
300 _a264 ص
490 _a
650 0 4 _aالادب البرازيلى
650 0 4 _aالقصص البرازيلية
942 _2ddc
_cBK
999 _c38396
_d38396